000 00270nam a2200097Ia 4500
001 639925
005 20250826153437.0
008 250824s9999 xx 000 0 und d
245 0 _aKİBARLIK BUDALASI SEVDA DOKTORU ANTİK
_cMOLİERE
260 _bANTİK DÜNYA KLASİKLERİ
999 _c639925
_d639925